000 00567nam a2200133Ia 4500
008 160809s9999 xx 000 0 und d
100 _aMeynert, Maria John.
245 _aINCLUSIVE EDUCATION AND PERCEPTIONS OF LEARNING FACILITATORS OF CHILDREN WITH SPECIAL NEEDS IN A SCHOOL IN SWEDEN
245 _cMaria John Mmeynert Malmö University College.
260 _bInternational Journal of Special Education
260 _c2014
650 _xSPECIAL EDUCATION
856 _uhttp://www.internationaljournalofspecialed.com/issues/IJSE%20ENTIRE%20ISSUE%202014%2029%2021.pdf
999 _c300302
_d300302